000 02653nam a2200337 i 4500
001 768714001
003 CO-MdFUSB
005 20220121155253.0
007 ta
008 220121t2015 ck aoc|| |||| 00| 0 spa d
020 _a[No incluye ISBN]
040 _aCO-MdFUSB
_bspa
_cCO-MdFUSB
_dCO-MdFUSBC
_erda
041 _aspa
082 _223
_a986.1
_bUR76
100 _aUribe de Hincapié, María Teresa
_eautor
245 1 3 _aLa voz dulce de la verdad amarga :
_bselección de textos
_c/ María Teresa Uribe de Hincapié.
264 1 _aMedellín, Colombia :
_bUniversidad de Antioquia,
_c[2015]
264 4 _c© 2015
300 _a159 páginas
_c; 21 cm
336 _2rdacontent
_atexto
_btxt
337 _2rdamedia
_asin mediación
_bn
338 _2rdacarrier
_avolumen
_bnc
500 _aTitulo Honoris Causa en Ciencias Sociales
505 _a- Sustentación compilada. Obra y vida de María Teresa Uribe de Hincapié. - Conceptos de los jurados sobre la concesión del Doctorado Honoris Causa en Ciencias Sociales a la maestra María Teresa Uribe de Hincapié, Universidad de Antioquia (Colombia). - Resolución superior. - Las ciencias sociales: un proyecto de vida. - Estado y sociedad frente a las víctimas de la violencia. - Notas preliminares sobre resistencias de la sociedad civil en un contexto de guerras y transacciones. - De aguafiestas y juergas.
520 _aEl trabajo docente e investigativo de María Teresa Uribe de Hincapié se desarrolló entre 1973 y 2005 en la universidad de Antioquia. Fue profesora del departamento de sociología, adscrito a la facultad de ciencias sociales y humanas, y profesora e investigadora en el instituto de Estudios Regionales y en el instituto de Estudios Políticos. Su propuesta analítica ha sido radicalmente crítica y heterodoxa, y se ubica, no accidentalmente, en una frontera interdisciplinar en donde se conjuga la perspectiva histórica con acercamientos provenientes de la sociología, la filosofía, la antropología, la economía y la ciencia política. Esta opción analítica compleja y multidisciplinar le ha permitido alejarse, deliberadamente, de las “identidades profesionales” y escapar a los intentos de encasillamiento de su trabajo investigativo, adoptando un “mestizaje intelectual” que le facilita, justamente, “concebir y proponer una aproximación politológica propia del proceso colombiano”, en un marco temporal que comprende desde los últimos años del siglo XVIII hasta la época contemporánea.
563 _aRústico
650 7 _9409
_aBiografía
653 _a Ciencias sociales y estado -- Historia
942 _cBK
945 _aJTF-925
999 _c67113
_d67113